|
|
|
|
| LEADER |
00000nam0a2200000 4500 |
| 001 |
75493 |
| 005 |
20231031090740.0 |
| 035 |
|
|
|a (RuTPU)RU\TPU\book\80499
|
| 090 |
|
|
|a 75493
|
| 100 |
|
|
|a 20050328d2000 m y0rusy50 ca
|
| 101 |
0 |
|
|a rus
|
| 102 |
|
|
|a RU
|
| 105 |
|
|
|a с z 000gy
|
| 200 |
1 |
|
|a Стихи и песни
|f А. Я. Розенбаум
|
| 210 |
|
|
|a Томск
|c ТомСувенир
|d 2000
|
| 215 |
|
|
|a 287 с.
|c портр.
|
| 610 |
1 |
|
|a русская литература
|
| 610 |
1 |
|
|a поэзия
|
| 610 |
1 |
|
|a стихотворения
|
| 610 |
1 |
|
|a песни
|
| 686 |
|
|
|a Ч611.68
|v LBC/SL-A
|2 rubbk
|
| 700 |
|
1 |
|a Розенбаум
|b А. Я.
|g Александр Яковлевич
|
| 801 |
|
1 |
|a RU
|b 63413507
|c 20050328
|g PSBO
|
| 801 |
|
2 |
|a RU
|b 63413507
|c 20050412
|g PSBO
|
| 942 |
|
|
|c BK
|